Design and technology, 2/e (Record no. 297621)
[ view plain ]
| 000 -LEADER | |
|---|---|
| fixed length control field | 00283 a2200121 4500 |
| 001 - CONTROL NUMBER | |
| control field | 62548 |
| 082 ## - DEWEY DECIMAL CLASSIFICATION NUMBER | |
| Classification number | 620.0042 GAR |
| 090 ## - LOCALLY ASSIGNED LC-TYPE CALL NUMBER (OCLC); LOCAL CALL NUMBER (RLIN) | |
| -- | 37187 |
| -- | 37187 |
| 100 ## - MAIN ENTRY--PERSONAL NAME | |
| Personal name | Garratt James |
| 245 ## - TITLE STATEMENT | |
| Title | Design and technology, 2/e |
| 250 ## - EDITION STATEMENT | |
| Edition statement | 2 |
| 260 ## - PUBLICATION, DISTRIBUTION, ETC. | |
| Place of publication, distribution, etc. | GB |
| Name of publisher, distributor, etc. | Oxford University Press |
| Date of publication, distribution, etc. | 1996 |
| 942 ## - ADDED ENTRY ELEMENTS (KOHA) | |
| Institution code [OBSOLETE] | NUST-CAE |
| Call number prefix | 620.0042 GAR |
| Withdrawn status | Lost status | Damaged status | Not for loan | Collection code | Permanent Location | Current Location | Date acquired | Total Checkouts | Full call number | Barcode | Date last seen | Price effective from | Koha item type |
|---|---|---|---|---|---|---|---|---|---|---|---|---|---|
| College of Aeronautical Engineering (CAE) | College of Aeronautical Engineering (CAE) | 04/03/2017 | 620.0042 GAR | CAEG-6061 | 04/05/2017 | 04/05/2017 | Book |
